000 00623nam a2200181Ia 4500
008 100921s9999 xx 000 0 und d
082 _b5533
_a891.463 थ 16
100 _aआपटे हरी नारायण.
245 _aयशवंतराव खरे.
260 _bपटवर्धन अनंत विनायक ,पुणे.
_c1916
300 _a391
_b---
365 _b1.5
520 _aललित-कादंबरी.
630 _aयशवंतराव खरे.
650 _aललित-कादंबरी.
730 _aयशवंतराव खरे.
942 _cBOOK
999 _c754646
_d754643